000 00459nam a2200181Ia 4500
001 9092
005 20260306160658.0
008 260306t2022||||xx |||||||||||||| ||spa||
041 _aESP
082 _a372.6
_bQ77
100 _aQuispe Álvarez, Ana Cecilia,
_eAUT
245 0 _aCascada de estrategias basadas en el método "Leprocre"
260 _c2022
300 _a148 páginas :
_c30 cm.
650 _aGEN
654 _aCED
942 _cLIB
_dJUS
_fJUS
_2ddc
_n
999 _c9092
_d9092